Champions League Final Scorers - Statistics

General Stats
  • This quiz has been taken 1,271 times
  • The average score is 25 of 34
Answer Stats
Hint Answer % Correct
2014 Cristiano Ronaldo
99%
2017 Cristiano Ronaldo
99%
2017 Cristiano Ronaldo
99%
2011 Lionel Messi
98%
2014 Gareth Bale
91%
2018 Gareth Bale
91%
2018 Gareth Bale
91%
2018 Karim Benzema
91%
2019 Mohamed Salah
91%
2015 Neymar
87%
2013 Arjen Robben
84%
2020 Kingsley Coman
82%
2015 Luis Suarez
82%
2018 Sadio Mane
82%
2014 Sergio Ramos
81%
2016 Sergio Ramos
81%
2012 Didier Drogba
79%
2013 Mario Mandzukic
75%
2017 Mario Mandzukic
75%
2012 Thomas Müller
71%
2017 Casemiro
60%
2019 Divock Origi
60%
2011 David Villa
57%
2010 Diego Milito
57%
2010 DIego Milito
57%
2013 Ilkay Gündogan
57%
2015 Ivan Rakitic
56%
2014 Marcelo
55%
2011 Wayne Rooney
53%
2017 Marco Asensio
52%
2015 Alvaro Morata
47%
2014 Diego Godin
46%
2011 Pedro
45%
2016 Yannick Carrasco
35%
No matching quizzes found
Score Distribution
Percent of People with Each Score
Percentile by Number Answered
Your Score History
You have not taken this quiz